000 00531nam a2200169Ia 4500
008 090123s9999 xx 000 0 und d
082 _b26746
100 _aरणसिंग मोहन
245 _aट्यांबावरची ठाकरं
250 _a0
300 _a116
600 _aरणसिंग मोहन
630 _aट्यांबावरची ठाकरं
700 _aरणसिंग मोहन
730 _aट्यांबावरची ठाकरं
942 _cBOOK
999 _c64815
_d64815